Central Library OPAC University of Rajshahi

Sociological foundations of librarianship / (Record no. 57032)

MARC details
000 -LEADER
fixed length control field 00890nam a2200277 a 4500
001 - CONTROL NUMBER
control field 57032
003 - CONTROL NUMBER IDENTIFIER
rucl marc code BD-RjUL
005 - DATE AND TIME OF LATEST TRANSACTION
control field 20211209080448.0
008 - FIXED-LENGTH DATA ELEMENTS--GENERAL INFORMATION
fixed length control field 161205s1970 ii ||||| |||| 001 0 eng d
020 ## - INTERNATIONAL STANDARD BOOK NUMBER
International Standard Book Number 0210222862
035 ## - SYSTEM CONTROL NUMBER
System control number (BD-RjUL)57156
040 ## - CATALOGING SOURCE
Original cataloging agency BD-RjUL
Language of cataloging eng
Transcribing agency BD-RjUL
Modifying agency BD-RjUL
041 ## - LANGUAGE CODE
Language code of text/sound track or separate title eng
082 ## - DEWEY DECIMAL CLASSIFICATION NUMBER
Edition number 23
Classification number 020
Author mark and year SHS 1970
100 ## - MAIN ENTRY--PERSONAL NAME
Personal name Shera, Jesse Hauk.
9 (RLIN) 125779
245 ## - TITLE STATEMENT
Title Sociological foundations of librarianship /
Statement of responsibility, etc. Jesse Hauk Shera.
260 ## - PUBLICATION, DISTRIBUTION, ETC. (IMPRINT)
Place of publication, distribution, etc. London :
Name of publisher, distributor, etc. Asia Publishing House,
Date of publication, distribution, etc. c1970
300 ## - PHYSICAL DESCRIPTION
Pagination 194 p. ;
Size 18 cm.
490 ## - SERIES STATEMENT
Series statement Sarada Ranganathan lectures,
Volume/sequential designation no 3.
Series statement Ranganathan series in library science,
Volume/sequential designation no 23.
500 ## - GENERAL NOTE
General note Includes index
650 ## - SUBJECT ADDED ENTRY--TOPICAL TERM
Topical term or geographic name as entry element Library Science.
9 (RLIN) 169448
830 ## - SERIES ADDED ENTRY--UNIFORM TITLE
Uniform title Sarada Ranganathan lectures,
Volume number/sequential designation no 3.
Uniform title Ranganathan series in library science,
Volume number/sequential designation no 23.
942 ## - ADDED ENTRY ELEMENTS (KOHA)
Source of classification or shelving scheme Dewey Decimal Classification
Koha item type Books
Holdings
Lost status Source of classification or shelving scheme Damaged status Not for loan Collection code Permanent Location Current Location Shelving location Date acquired Source of acquisition Cost, normal purchase price Total Checkouts Full call number Date last seen Copy number Koha item type
  Dewey Decimal Classification   Not For Loan Non-fiction Central Library, University of Rajshahi Central Library, University of Rajshahi Reading Room 09/06/1976 Calcutta : K. P. Bagchi & Co. 187.00   020 SHS 1970 05/12/2016 C-1 Books